It looks like you're offline.
Open Library logo
additional options menu

MARC Record from Scriblio

Record ID marc_records_scriblio_net/part09.dat:110281741:623
Source Scriblio
Download Link /show-records/marc_records_scriblio_net/part09.dat:110281741:623?format=raw

LEADER: 00623nam 2200217 4500
001 76164920
003 DLC
005 19711228000000.0
008 711220s1971 njua b 00100beng
010 $a 76164920
020 $a0130086983
041 0 $aengfre
050 0 $aPN2638.L35$bR5
082 $a792/.028/0924$aB
100 10 $aRichtman, Jack,$d1927-
245 10 $aAdrienne Lecouvreur: the actress and the age;$ba biography.
260 0 $aEnglewood Cliffs, N.J.,$bPrentice-Hall$c[1971]
300 $a240 p.$billus.$c22 cm.
350 $a$7.95
504 $aBibliography: p. 225-230.
600 10 $aLecouvreur, Adrienne,$d1692-1730.